| 000 | 00000nam##2200000za#4500 |
| 001 | 9.697991 |
| 003 | CaOODSP |
| 005 | 20241203113637 |
| 007 | cr ||||||||||| |
| 008 | 150407|2007||||xxc|||||o f|0| 0 eng|d |
| 040 | |aCaOODSP|beng |
| 043 | |an-cn--- |
| 086 | 1 |aEn4-202/2007E-PDF |
| 110 | 1 |aCanada. |bEnvironment Canada. |
| 245 | 10|aAudit travel expenses and compliance with disclosure policy |h[electronic resource] |
| 260 | |aGatineau - Quebec : |bEnvironment Canada |cApril 2007. |
| 300 | |a27p.|bfigs., tables |
| 590 | |a13-14-Supp|b2013-05-30 |
| 775 | 08|tVérification des dépenses de voyage et de la conformité à la politique de divulgation |w(CaOODSP)9.641988 |
| 856 | 40|ahttp://publications.gc.ca|qPDF|s136 KB|uhttps://publications.gc.ca/collections/collection_2013/ec/En4-202-2007-eng.pdf |